Catálogo
Digital

Catálogo
Digital

Crianza compartida (Record no. 14453)

MARC details
000 -CABECERA
campo de control de longitud fija 01406nam a2200289 4500
003 - IDENTIFICADOR DEL NÚMERO DE CONTROL
campo de control EC-UNACH
006 - CÓDIGOS DE INFORMACIÓN DE LONGITUD FIJA--CARACTERÍSTICAS DEL MATERIAL ADICIONAL
campo de control de longitud fija s||||gr|||| 00| 00
008 - DATOS DE LONGITUD FIJA--INFORMACIÓN GENERAL
campo de control de longitud fija 150116t9999 mx r gr 000 0 spa d
020 ## - NÚMERO INTERNACIONAL ESTÁNDAR DEL LIBRO
Número Internacional Estándar del Libro 978-607-17-0661-4
040 ## - FUENTE DE LA CATALOGACIÓN
Centro catalogador/agencia de origen EC-UNACH
Centro/agencia transcriptor EC-UNACH
041 ## - CÓDIGO DE LENGUA
Código de lengua del texto/banda sonora o título independiente spa
082 04 - NÚMERO DE LA CLASIFICACIÓN DECIMAL DEWEY
Número de edición 23
Número de clasificación 306.89
Número de documento/Ítem L017438
100 ## - ENTRADA PRINCIPAL--NOMBRE DE PERSONA
Nombre de persona Zicavo, Nelson
245 ## - MENCIÓN DE TÍTULO
Título Crianza compartida
250 ## - MENCIÓN DE EDICIÓN
Mención de edición Primera Edición
264 ## - Producción, publicación, distribución, fabricación y copyright
Lugar de producción, publicación, distribución, fabricación Mexico
Nombre del de productor, editor, distribuidor, fabricante Trillas
Fecha de de producción, publicación, distribución, fabricación o copyright 2010
300 ## - DESCRIPCIÓN FÍSICA
Extensión 144 paginas
Otras características físicas Gráficos
Dimensiones 23 cm.
500 ## - NOTA GENERAL
Nota general La separación o disolución del vinculo conyugal, ha sido y seguirá siendo uno de los eventos de mayor impacto en la vida de las personas
505 ## - NOTA DE CONTENIDO CON FORMATO
Nota de contenido con formato El inicio del amor a la aventura.- Estado y familia carencias y consecuencias.- Divorcio y separacion, consecuencias relacionales en la familia.- Separacion conyugal o divorcio, e influencia en el comportamiento y rendimiento escolar de los hijos.- Divorcio conyugal contra el divocrcio parental, dos veces divorciado.- El divorcio sin divorcio.- La alineación parental y el proceso de la padrectomia.- Nacimiento de la crianza compartida.- Reflexiones sobre una nueva masculinidad.- El daño imprevisible de la sugestión maliciosa
650 ## - PUNTO DE ACCESO ADICIONAL DE MATERIA--TÉRMINO DE MATERIA
Término de materia o nombre geográfico como elemento inicial CRIANZA
650 ## - PUNTO DE ACCESO ADICIONAL DE MATERIA--TÉRMINO DE MATERIA
Término de materia o nombre geográfico como elemento inicial DIVORCIO
650 ## - PUNTO DE ACCESO ADICIONAL DE MATERIA--TÉRMINO DE MATERIA
Término de materia o nombre geográfico como elemento inicial DISCRIMINACIÓN
942 ## - ELEMENTOS DE PUNTO DE ACCESO ADICIONAL (KOHA)
Fuente del sistema de clasificación o colocación Clasificación Decimal Dewey
Tipo de ítem Koha Libros
999 ## - NÚMEROS DE CONTROL DE SISTEMA (KOHA)
Koha biblionumber 14453
Holdings
Estado de pérdida Fuente del sistema de clasificación o colocación Estado dañado No para préstamo Localización permanente Ubicación/localización actual Ubicación en estantería Fecha de adquisición Número de inventario Total de préstamos Signatura topográfica completa Código de barras Fecha visto por última vez Precio válido a partir de Tipo de ítem Koha Centro de costos
  Clasificación Decimal Dewey     Biblioteca Campus Sur Biblioteca Campus Sur Aprendizaje - Enseñanza 26/03/2026 39933111   306.89 ZIC L017438 L017438 26/03/2026 26/03/2026 Libros  

Powered by Koha